Mission:Impossible Characters - Statistics

General Stats
  • This quiz has been taken 21 times
  • The average score is 5 of 28
Answer Stats
Hint Answer % Correct
1 Ethan Hunt
100%
4 Benji Dunn
63%
2 Ilsa Faust
63%
17 Grace
37%
21 Gabriel
32%
16 Paris
32%
9 Solomon Lane
32%
20 Jim Phelps
21%
3 Luther Stickell
21%
12 Erika Sloane
16%
22 Eugene Kittridge
11%
8 Jane Carter
11%
11 Julia Meade
11%
10 Owen Davian
11%
18 Theo Degas
11%
7 William Brandt
11%
23 Alan Hunley
5%
5 August Walker
5%
13 Nyah Nordoff-Hall
5%
27 Sabine Moreau
5%
25 Sean Ambrose
5%
6 Alanna Mistopolis
0%
26 Atlee
0%
19 Claire Phelps
0%
14 Lindsey Farris
0%
28 Trevor Hanaway
0%
15 Zhen Lei
0%
24 Zola Mistopolis
0%
No matching quizzes found
Score Distribution
Percent of People with Each Score
Percentile by Number Answered
Your Score History
You have not taken this quiz